Central Library OPAC University of Rajshahi

Woman and puppet etc. / (Record no. 20997)

MARC details
000 -LEADER
fixed length control field 00703nam a22002533 4500
001 - CONTROL NUMBER
control field 20997
003 - CONTROL NUMBER IDENTIFIER
rucl marc code UkOxU
005 - DATE AND TIME OF LATEST TRANSACTION
control field 20211209000633.0
008 - FIXED-LENGTH DATA ELEMENTS--GENERAL INFORMATION
fixed length control field 140303s1908 enk 000 1
035 ## - SYSTEM CONTROL NUMBER
System control number (BD-RjUL) 21059
040 ## - CATALOGING SOURCE
Original cataloging agency BD-RjUL
Language of cataloging eng
Transcribing agency BD-RjUL
041 ## - LANGUAGE CODE
Language code of text/sound track or separate title eng
082 ## - DEWEY DECIMAL CLASSIFICATION NUMBER
Classification number 823.809358
Author mark and year LOW 1908
100 1# - MAIN ENTRY--PERSONAL NAME
Personal name Louÿs, Pierre.
9 (RLIN) 64873
245 10 - TITLE STATEMENT
Title Woman and puppet etc. /
Statement of responsibility, etc. tr. and adapted by G.F. Monkshood.
260 ## - PUBLICATION, DISTRIBUTION, ETC. (IMPRINT)
Place of publication, distribution, etc. London :
Name of publisher, distributor, etc. Collins Clear,
Date of publication, distribution, etc. 1908.
300 ## - PHYSICAL DESCRIPTION
Pagination 248 p. ;
Size 17 cm.
490 1# - SERIES STATEMENT
Series statement Lotus libr.
650 #0 - SUBJECT ADDED ENTRY--TOPICAL TERM
Topical term or geographic name as entry element English fiction.
9 (RLIN) 64874
690 00 - LOCAL SUBJECT ADDED ENTRY--TOPICAL TERM (OCLC, RLIN)
Topical term or geographic name as entry element French literature
752 ## - ADDED ENTRY--HIERARCHICAL PLACE NAME
Country or larger entity England
City London
830 #0 - SERIES ADDED ENTRY--UNIFORM TITLE
Uniform title Lotus libr.
942 ## - ADDED ENTRY ELEMENTS (KOHA)
Source of classification or shelving scheme Dewey Decimal Classification
Koha item type Books
Holdings
Lost status Source of classification or shelving scheme Damaged status Not for loan Collection code Permanent Location Current Location Shelving location Date acquired Source of acquisition Total Checkouts Full call number Date last seen Copy number Koha item type
  Dewey Decimal Classification   Added to bundle Fiction Central Library, University of Rajshahi Central Library, University of Rajshahi Reading Room 19/02/1957 Pulhia Ray Esta   823.809358 LOW 1908 03/03/2014 C-1 Books